00332nam a2200133Ia 4500008004100000020001500041041001200056082001100068100000900079245006100088260002500149300000800174650001600182221030s9999 xx 000 0 und d a0070616841 aEnglish a105.23 aISRD 0aIntroduction to Object Oriented Programming through JAVA bTMHaNew Delhic2009 a530 aBE Computer